00478nam a2200193 a 4500001001300000003000900013005001700022008004100039020001000080082001700090100002100107245002300128260003500151300000900186500003500195505001000230650002300240700002100263nice12345678IN_TiNIC20260116011357.0050524s0000 lona grp 000 0 eng  ac10000a232.96bZWE2 aZwemer, Samuel M aGlory of the Cross aLondonbMarshal Brothersc0000 a128p aincludes index and biblioraphy2 aindex aJesus Christ-Death1 aZwemer, Samuel M